Poesías completas

Saved in:
書目詳細資料
主要作者: Salinas, Pedro (Author)
格式: 圖書
語言:西班牙语
出版: Madrid Aguilar 1956
版:1a. ed
主題:
標簽: 添加標簽
沒有標簽, 成為第一個標記此記錄!

MARC

LEADER 00000cam a2200000 a 4500
001 UCE4237
003 CL-VaPUC
008 141016e19560000sp |||||||||||||||||spa|d
082 0 4 |a 861  |b SAL  |2 21 
100 0 |a Salinas, Pedro  |e author  |9 346622 
245 1 0 |a Poesías completas 
250 |a 1a. ed 
300 |a 474 p 
942 |c BK 
945 |d 20141016 12:02:00  |a arojas 
260 |a Madrid  |b Aguilar  |c 1956 
600 0 7 |a SALINAS, PEDRO  |2 CL-VaPUC  |9 346622 
650 0 |a Poesías españolas  |9 265100 
650 0 |a Literatura española  |9 306261 
650 0 |a Escritores españoles  |9 318145 
583 |a last modification  |c 20141016 12:02:00  |k Rodrigo Vera 
999 |c 357262  |d 357260 
952 |0 0  |1 0  |3 erd  |4 0  |6 861_000000000000000_SAL_1956  |7 0  |8 A  |9 465131  |a BIBEDU  |b BIBEDU  |i 5041945  |o 861 SAL 1956  |p 5041945  |r 2019-11-23  |w 2019-11-23  |y BK  |z Catalogado en:20141016  |k LIT